| 000 | 00622nam a22001937a 4500 | ||
|---|---|---|---|
| 005 | 20160803102519.0 | ||
| 010 | _aENG-115618 | ||
| 020 |
_a9789351437963 _c975.00 |
||
| 035 | _aEN-99150 | ||
| 037 | _bDBAD/PUB | ||
| 082 | _a658.15 | ||
| 100 | _aMakkar,Rajesh | ||
| 245 |
_aStrategic financial management : _cby Rajesh Makkar _btheory, problems and solutions approach / |
||
| 250 | _a5th ed. | ||
| 260 |
_aGurgaon _bLexis Nexis _c2016 |
||
| 270 |
_a14th Floor, Building No.10, Tower-B, DLF Cyber City, Phase-II _bGurgaon _e122002 |
||
| 300 |
_axii,1057p. _c28cm(pbk) |
||
| 942 |
_2ddc _cEN _mMAK _h658.15 |
||
| 999 |
_c101736 _d101736 |
||